| 000 | 01040nam a22002537a 4500 | ||
|---|---|---|---|
| 003 | PE SENCICO BE | ||
| 005 | 20251020182648.0 | ||
| 008 | 240105b |||||||| |||| 00| 0 eng d | ||
| 040 |
_aPE SENCICO BE _cPE SENCICO BE |
||
| 041 | _aspa | ||
| 084 |
_aI _aDIS _a2013 _bS45 |
||
| 100 | 1 |
_91842 _aSevillanos Blanco, Gloria Ivone _eautor |
|
| 245 | 1 |
_aCuerpo humano : _bla proporción y el espacio / _cGloria Ivone Sevillanos Blancos |
|
| 260 |
_aLima : _c2013 |
||
| 300 |
_a113, [50] h.: _bil. col., diagrs. ; _c30 cm. |
||
| 502 | _aMonografía de Titulación.-- Servicio Nacional de Capacitación para la Industria de la Construcción. Escuela Superior Técnica. Carrera Profesional Técnica en Diseño de Interiores, 2013 | ||
| 650 | 1 | 0 |
_944 _aDiseño de interiores |
| 650 | 2 | 0 |
_91800 _aAntropometría |
| 650 | 2 | 0 |
_9349 _aErgonomía |
| 650 | 2 | 0 |
_91811 _aPercepción espacial |
| 710 | 1 |
_aServicio Nacional de Capacitación para la Industria de la Construcción. _bEscuela Superior Técnica _91065 |
|
| 910 |
_bhfp _chfp |
||
| 942 | _cMON | ||
| 999 |
_c4478 _d4478 |
||